|
|
|
|
| LEADER |
00681cam a2200157 7i4500 |
| 001 |
0000016261 |
| 005 |
20110818090000.0 |
| 090 |
0 |
0 |
|a M 645.4
|b DEP
|
| 110 |
2 |
0 |
|a Department of standards Malaysia
|
| 245 |
2 |
0 |
|a Malaysian standards :
|b furniture-tables :
|b furniture-tables :
|b parts2 :
|b furniture-tables :
|b parts2 :
|b test methods for determination of strenght,durability and stability (domestic).
|
| 260 |
0 |
0 |
|a Shah Alam:
|b Department of standards Malaysia,
|c 2004.
|
| 300 |
# |
# |
|a 12 p.
|
| 440 |
0 |
0 |
|a Malaysian standards MS 1765 : part 2 : 2004
|
| 650 |
0 |
0 |
|a Furniture --
|x Tables --
|x Standards --
|z Malaysia
|
| 651 |
0 |
0 |
|a Malaysia
|
| 999 |
|
|
|a 0000017544
|b Book
|c Malaysia
|e Business Information Centre
|